LEADER 01513nam0 22003253i 450 001 SUN0109138 005 20170515113027.683 010 $a88-7358-035-1$d0.00 100 $a20170512d2006 |0engc50 ba 101 $aeng 102 $aIT 105 $a|||| ||||| 200 1 $a*Seismic design of frame-wall structures$fTimothy J. Sullivan, M. J. Nigel Priestley, Gian Michele Calvi 210 $aPavia$cIUSS$d2006 215 $aXXIV, 333 p.$d24 cm. 410 1$1001SUN0109067$12001 $a*Research report Rose$fEuropean school for advanced studies in reduction of seismic risk$v2006/02$1210 $aPavia$cIUSS. 620 $dPavia$3SUNL000064 700 1$aSullivan$b, Timothy J.$3SUNV084353$0447990 701 1$aPriestley$b, M. J. Nigel$3SUNV044519$043710 701 1$aCalvi$b, Gian M.$3SUNV044945$0729238 712 $aIstituto universitario di studi superiori di Pavia$3SUNV005695$4650 790 1$aPriestley, M. J. N.$zPriestley, M. J. Nigel$3SUNV045182 790 1$aCalvi, G.M.$zCalvi, Gian M.$3SUNV047893 790 1$aCalvi, Gian Michele$zCalvi, Gian M.$3SUNV065931 801 $aIT$bSOL$c20181109$gRICA 912 $aSUN0109138 950 $aUFFICIO DI BIBLIOTECA DEI DIPARTIMENTI DI INGEGNERIA$d05 CONS G VI 026 BENECON $e05 CRD33 995 $aUFFICIO DI BIBLIOTECA DEI DIPARTIMENTI DI INGEGNERIA$bIT-CE0100$gCRD$h33$kCONS G VI 026 BENECON$oc$qa 996 $aSeismic design of frame-wall structures$91465809 997 $aUNICAMPANIA LEADER 01388nam 2200409 450 001 996280927903316 005 20230807213513.0 010 $a1-4673-9630-3 035 $a(CKB)3780000000082440 035 $a(WaSeSS)IndRDA00094816 035 $a(WaSeSS)IndRDA00120201 035 $a(EXLCZ)993780000000082440 100 $a20200312d2015 uy 0 101 0 $aeng 135 $aur||||||||||| 181 $ctxt$2rdacontent 182 $cc$2rdamedia 183 $acr$2rdacarrier 200 10$a2015 IX Brazilian Symposium on Components, Architectures and Reuse Software $e21-22 September 2015, Belo Horizonte, Brazil /$fBrazilian Computing Society 210 1$aPiscataway, New Jersey :$cInstitute of Electrical and Electronics Engineers,$d2015. 215 $a1 online resource (142 pages) 300 $aIncludes index. 311 $a1-4673-9631-1 606 $aComponent software$vCongresses 606 $aComputer software$vCongresses 606 $aSoftware architecture$vCongresses 615 0$aComponent software 615 0$aComputer software 615 0$aSoftware architecture 676 $a005.1 712 02$aBrazilian Computing Society, 801 0$bWaSeSS 801 1$bWaSeSS 906 $aPROCEEDING 912 $a996280927903316 996 $a2015 IX Brazilian Symposium on Components, Architectures and Reuse Software$92540033 997 $aUNISA